00414nam a2200121Ia 4500003000400000005001700004008004100021040001800062041000800080100004800088245011900136260003700255OSt20260122113940.0211028s2015 xx 000 0 und d cAIMIT LIBRARY aeng aAnsar, Mohammed;Kairanna, Sneha S.g1316088 aStudy on the customer satisfaction towards tata motors commercial vehicle in aravind motors pvt ltd at Mangalore / aMangalorebSneha Kairanna.c2015